00375nam a22001337a 450000500170000000800410001704100130005808200130007110000130008424500390009726000540013630000250019065000260021520240712054357.0240712b |||||||| |||| 00| 0 eng d aEnglish  a349 PRE  lEnglish  aPrentice Hall Weekly Legal Service aDurban: bPrentice Hall Services (Pty) Ltd,c1966 b144 pages; c26 cm.  aLegal practice bLaw